ბათუმის შოთა რუსთაველის სახელმწიფო უნივერსიტეტის ბიბლიოთეკა

Агрохимическая характеристика почв СССР (ბიბ.ჩანაწერი № 46033)

000 -LEADER
fixed length control field 00737nam a2200217Ia 4500
001 - CONTROL NUMBER
control field 12863
003 - CONTROL NUMBER IDENTIFIER
control field GE_BSU
008 - FIXED-LENGTH DATA ELEMENTS--GENERAL INFORMATION
fixed length control field 181216s||||||||xx |||||||||||||| ||und||
040 ## - CATALOGING SOURCE
Transcribing agency GE_BSU
080 ## - UNIVERSAL DECIMAL CLASSIFICATION NUMBER
Universal Decimal Classification number 631.4(47)
245 ## - TITLE STATEMENT
Title Агрохимическая характеристика почв СССР
245 ## - TITLE STATEMENT
Remainder of title Почвенно-агрохимическое районирование
245 ## - TITLE STATEMENT
Statement of responsibility, etc. Отв.ред.А.В.Соколов
260 ## - PUBLICATION, DISTRIBUTION, ETC.
Place of publication, distribution, etc. Москва
260 ## - PUBLICATION, DISTRIBUTION, ETC.
Name of publisher, distributor, etc. Наука
260 ## - PUBLICATION, DISTRIBUTION, ETC.
Date of publication, distribution, etc. 1976
300 ## - PHYSICAL DESCRIPTION
Extent 362стр.27см.
653 ## - INDEX TERM--UNCONTROLLED
Uncontrolled term Агрохимическая характеристика почв СССР
653 ## - INDEX TERM--UNCONTROLLED
Uncontrolled term Почвенно-агрохимическое районирование
942 ## - ADDED ENTRY ELEMENTS (KOHA)
Koha item type წიგნი
ეგზემპლარები
Withdrawn status Lost status Damaged status Not for loan Date acquired Barcode Date last seen Price effective from Koha item type
        2018-12-17 21021 2018-12-17 2018-12-17 წიგნი